Responses for show #3559 - Thursday, February 10, 2000

2000-A College Championship quarterfinal game 4.

Contestants

Kurt Medland, a sophomore at Albion College from Lapeer, Michigan

Anita Brkic, a junior at UCLA from Agoura Hills, California

Peter Breeze, a junior at Ithaca College from Bolton, Massachusetts

Jeopardy! Round responses

ASIAN HISTORY
SIGNS & SYMBOLS
IT'S WHAT WE DO
BROADWAY
COUNTRIES BY COLLEGE
(Alex: We'll give you the colleges.)
BASEBALL WORDS
    $100 3
(A: What is China?)

Saudi Arabia

AnitaKurt
    $100 15
Crescent

Kurt
    $100 13
A pulp

Kurt
    $100 5
"The Sound of Music"

Anita
    $100 2
Germany

Kurt
    $100 1
Flies

Kurt
    $200 27
(A: Who is Gandhi?)
(P: Who is the Dalai Lama?)

Mao Tse-tung

PeterAnitaKurt
    $200 19
Tuberculosis

Peter
    $200 14
The Foot Locker

Anita
    $200 6
"Saturday Night Fever"

Anita
    $200 10
Russia

Peter
    $200 4
Home plate

Anita
    $300 28
Afghanistan

Kurt
    $300 20
5

Anita
    $300 18
The Olive Garden

Anita
    $300 7
"Annie Get Your Gun"

Kurt
    $300 17
Egypt

Anita
    $300 11
Diamond

Kurt
    $400 29
Vietnam

Kurt
    $400 25
Peace sign

Anita
    $400 21
American Greetings

Kurt
    $400 8
"Les Miserables"

Kurt
    $400 23
Canada

Peter
    $400 12
Bleachers

Anita
    $500 30
Shogun

Triple Stumper
    $400 26
(A: What are A & S?)

Et

Anita
    $500 22
Pipelines

Peter
    $500 9
James Joyce

Kurt
    $500 24
South Africa

Kurt
    $500 16
Bunting

Kurt

Scores at the first commercial break (after clue 14):

Peter Anita Kurt
$200 $1,000 $1,900

Scores at the end of the Jeopardy! Round:

Peter Anita Kurt
$1,100 $1,700 $4,300

Double Jeopardy! Round responses

ANIMAL ANCESTORS
THE CINEMA OF JOHNNY DEPP
WHAT THE ELEMENT
ISMs
MARK TWAIN
LIFE ON THE MISSISSIPPI
    $200 14
Amphibians

Kurt
    $200 5
Ichabod Crane

Anita
    $200 13
Silver

Anita
    $200 3
plagiarism

Peter
    $200 1
Samuel Langhorne Clemens

Peter
    $200 11
Gulf of Mexico

Peter
    $400 26
Horse

Peter
    $400 6
Edward Scissorhands

Anita
    $400 20
Lead

Kurt
    $400 9
Baptism

Anita
    $400 2
James Fenimore Cooper

Kurt
    $400 12
(K: What is a coho salmon?)

Trout

Kurt
Triple Stumper
    $1,000 27
(P: What is an elephant?)

Bear

Peter
    $600 7
Gilbert Grape

Anita
    $600 21
Xenon

Peter
    $600 17
Polytheism

Kurt
    $800 4
(P: What is "The Mysterious Stranger?")

"A Connecticut Yankee in King Arthur's Court"

Peter
    $600 24
(A: What are snakes?)

Catfish

AnitaKurt
    $800 29
(A: What is a pig?)

Elephant

AnitaKurt
    $800 8
Don Juan

Peter
    $800 22
111

Peter
    $800 18
(A: What is serfism?)

Feudalism

AnitaKurt
    $800 15
Riverboat pilot

Kurt
    $800 25
(we have less than a minute to go...)

Hernando de Soto

Anita
    $1000 30
(K: What are trilobites?)

Worms

Kurt
Triple Stumper
    $1000 10
Ed Wood

Peter
    $1000 23
(K: What is a superconductor?)

Particle accelerator

Kurt
Triple Stumper
    $1000 19
Pointillism

Kurt
    $1000 16
(A: What is the rich class/upper class?)

Congress

AnitaKurt
    $1000 28
Lake Itasca

Triple Stumper

Scores at the end of the Double Jeopardy! Round:

Peter Anita Kurt
$3,500 $1,100 $8,500
(lock game)

Final Jeopardy! Round responses

FICTIONAL CHARACTERS
AnitaWho Holden Caufield?
$100
PeterWho is Pete?
$3,500
KurtWho is?
$1,000
Harry Potter

Final scores:

Peter Anita Kurt
$0 $1,000 $7,500
3rd place: $2,500 if eliminated 2nd place: $2,500 if eliminated Automatic semifinalist

Game dynamics:

Coryat scores:

Peter Anita Kurt
$5,300 $1,500 $8,500
12 R,
3 W
(including 2 DDs)
15 R,
7 W
(including 1 DD)
25 R,
3 W

Combined Coryat: $15,300

The J! Archive is created by fans, for fans. The Jeopardy! game show and all elements thereof, including but not limited to copyright and trademark thereto, are the property of Jeopardy Productions, Inc. and are protected under law. This website is not affiliated with, sponsored by, or operated by Jeopardy Productions, Inc. Join the discussion at JBoard.tv.